Documentos para la historia eclesiástica y civil de Texas, o Nuevas Philipinas, 1720-1779. (Record no. 189703)

MARC details
000 -LEADER
campo de control de longitud fija 00718nam a2200181 i 4500
001 - NÚMERO DE CONTROL
campo de control 189703
003 - IDENTIFICADOR DE NÚMERO DE CONTROL
campo de control ES-MaACL
005 - FECHA Y HORA DE LA ÚLTIMA TRANSACCIÓN
campo de control 20230906223533.0
008 - DATOS DE LONGITUD FIJA--INFORMACIÓN GENERAL
campo de control de longitud fija 190909s1961 sp |||| | spa d
245 00 - MENCIÓN DEL TÍTULO
Título Documentos para la historia eclesiástica y civil de Texas, o Nuevas Philipinas, 1720-1779.
260 ## - PUBLICACIÓN, DISTRIBUCIÓN, ETC.
Lugar de publicación, distribución, etc. Madrid :
Nombre del editor, distribuidor, etc. José Porrúa Turanzas,
Fecha de publicación, distribución, etc. 1961.
300 ## - DESCRIPCIÓN FÍSICA
Extensión XI, 463 p., 1 h., 1 h. de planos pleg. ;
Dimensiones 25 cm.
490 1# - MENCIÓN DE SERIE
Mención de serie Colección Chimalistac de libros y documentos acerca de la Nueva España ;
Designación de volumen o secuencia 12
651 #4 - PUNTO DE ACCESO ADICIONAL DE MATERIA--NOMBRE GEOGRÁFICO
Nombre geográfico Texas-
Subdivisión general Historia.
9 (RLIN) 9437
830 0# - PUNTO DE ACCESO ADICIONAL DE SERIE-TÍTULO UNIFORME
Título uniforme Colección Chimalistac de libros y documentos acerca de la Nueva España ;
Designación de volumen o secuencia 12
9 (RLIN) 182539
852 ## - LOCALIZACIÓN
Ubicación ES-MaACL
Número de control de estantería P-798-10
Holdings
Estatus retirado Estado de pérdida Estado de daño No para préstamo Biblioteca de origen Biblioteca actual Ubicación en estantería Fecha de adquisición Fuente de adquisición Total de préstamos Signatura topográfica completa Código de barras Visto por última vez Precio de reemplazo Tipo de ítem Koha
        Biblioteca del Ateneo de Madrid Biblioteca del Ateneo de Madrid Depósito 2 09/09/2019     P-798-10 1201098 23/02/2023 23/02/2023 Libro impreso